1014 1607 1771 1203 1212 1731 1249 1445 1195 1473 1110 1628 1013 1157 1732 1387 1530 1292 1619 1709 1077 1283 1178 1053 1032 1835 1900 1164 1982 1443 1454 1460 1824 1285 1248 1273 1434 1653 1285 1988 1232 1460 1284 1044 1947 1980 1317 1384 1192 1583 1664 1766 1413 1711 1125 1015 1521 1489 1100 1071 1020 1446 1491 1477 1500 1124 1916 1261 1309 1027 1671 1792 1519 1997 1814 1666 1118 1171 1943 1294 1709 1606 1308 1955 1840 1052 1025 1702 1124 1164 1765 1773 1943 1494 1594 1328 1205 1928 1802 BCNSPRNW ULIB Ver.6.0+V

เปลี่ยนเป็นภาษาไทย

Change to English
 แสดงรายละเอียดบรรณานุกรม
  กลับหน้าหลัก

Brief Record : Get Marc (ISO 2709) : E-mail record : QR code < ปิดหน้าต่าง
LEADER : 00000nam 2200000uu 4500
001    13399121477
003     ULIB
008    121121s2552||||th 000 0 tha d
020    ^a9786165120265
050 04 ^aTT890^bอ846บ
100 0  ^aอุมาวดี ทรัพย์สิน
245 10 ^aบายศรีเครื่องบวงสรวงแบบโบราณ /^cอุมาวดี ทรัพย์สิน
250    ^aพิมพ์ครั้งที่ 1
260    ^aกรุงเทพฯ :^bวาดศิลป์,^c2552
300    ^a64 หน้า :^bภาพประกอบ
650  7 ^aการประดิษฐ์ด้วยใบตอง
650  7 ^aบายศรี
945    ^p160^l0^i16862
995    ^aวิภา
999 ^a ทศพร
รายการนี้ยังไม่มีแท็ก
คุณยังไม่ได้ล็อกอิน คุณสามารถมีกิจกรรมร่วมกับเว็บไซต์ได้ แต่ต้องล็อกอินก่อน ::
  ล็อกอิน

รายการสื่อสารสนเทศ

ลำดับที่ ประเภท เลขเรียก/บาร์โค้ด สถานที่ สถานะ
1. วิทยาศาสตร์การแพทย์ และสุขภาพ
วิทยาศาสตร์การแพทย์ และสุขภาพ
TT890 อ846บ  
  Barcode: 16862
ห้องสมุดวิทยาเขตสวรรค์ประชารักษ์
►หนังสือทั่วไป
บนชั้น

รายการใกล้เคียง
    ผู้แต่ง [อุมาวดี ทรัพย์สิน]

    หัวเรื่อง [การประดิษฐ์ด้วยใบตอง]
    หัวเรื่อง [บายศรี]

BibComment


ยังไม่เคยถูกคอมเมนท์

คอมเมนท์ทรัพยากรรายการนี้
  คอมเมนท์: บายศรีเครื่องบวง..


 Copyright 2026. Bcnsprnw @Library